000
00351pam a2200157a 44500
008
230515b1990 xxu||||| |||| 00| 0 eng d
020
_a
NULL
041
_a
ENGLISH
082
_a
N.D.
100
_a
Ramamrutham S.
245
_a
Theory Of Structures
250
_a
0
260
_a
NULL
_b
Dhanpat Rai & Sons
_c
1990
300
_a
1136
650
_a
NULL
999
_c
572213
_d
572213